000 00848nam a22003250a 4500
001 PT55583
003 AR-LpoUNG
005 20210131231710.0
008 191001s2014||||ag |||||||||||||||||spa d
020 _a9789870433699
_c$74
040 _aAR-LpoUNG
_bspa
_cAR-LpoUNG
_eaacr
041 _aspa
044 _aag
082 0 _aA863 827tal
100 1 _aCortázar, Julio
245 1 3 _aUn tal Lucas
250 _a1ra. ed.
260 _aBuenos Aires :
_bAlfaguara,
_c2014.
300 _a188 p. :
_bil.
505 0 _aEdición especial para el Ministerio de Educación de la Nación.
650 4 _aARGENTINA
650 4 _aCUENTOS
650 4 _aFICCION
650 4 _aLITERATURA
651 4 _aDOCUMENTOS TEORICOS O METODOLOGICOS
653 _aESCUELA SECUNDARIA
653 _aLITERATURA ARGENTINA
905 _a55583
942 _cLIB
999 _c11482
_d11482